000 00328nam a2200133Ia 4500
100 _aReitz/ J.R./ Christy/ R.W.
942 _cBK
654 _aElectromagnectic Theory
245 _aFoundation of Electromagnectic Theory
260 _bNarosa Pub House
_aNew Delhi
_c1993
082 _a530.141
546 _aENGLISH
999 _c35081
_d35081